Stats : (Record no. 6963)
[ view plain ]
| 000 -LEADER | |
|---|---|
| fixed length control field | 01688nam a22001577a 4500 |
| 020 ## - INTERNATIONAL STANDARD BOOK NUMBER | |
| ISBN | 9780321854018 |
| 050 ## - CALL NUMBER | |
| Classification number | QA276.12 |
| Item number | .B63 |
| 100 ## - AUTHOR | |
| Personal name | David E Bock |
| 245 ## - TITLE | |
| Title | Stats : |
| Remainder of title | modeling the world |
| Statement of responsibility, etc | David E Bock; Paul F Velleman; Richard D De Veaux |
| 260 ## - PUBLICATION INFORMATION | |
| Place of publication | Boston |
| Name of publisher | Pearson |
| Year of publication | 2015 |
| 300 ## - DESCRIPTION | |
| Number of Pages | xix, 758, 85 pages : |
| Other physical details | illustrations (some color) ; |
| Dimensions | 29 cm |
| Accompanying material | + 1 DVD-ROM (4 3/4 in.) |
| 500 ## - NOTES | |
| General note | Includes index |
| 505 ## - FORMATTED CONTENTS NOTE | |
| Table of Content | I. EXPLORING AND UNDERSTANDING DATA 1. Stats Start Here 2. Data 3. Displaying and Describing Categorical Data 4. Displaying and Comparing Qualitative Data 5. Understanding and Comparing Distributions 6. The Standard Deviation as a Ruler and the Normal Model II EXPLORING RELATIONSHIPS BETWEEN VARIABLES 7. Scatterplots, Association, and Correlation 8. Linear Regression 9. Regression Wisdom 10. Re-expressing Data: Get it Straight! III. GATHERING DATA 11. Understanding Randomness 12. Sample Surveys 13. Experiments and Observational Studies IV. RANDOMNESS AND PROBABILITY 14. From Randomness to Probability 15. Probability Rules! 16. Random Variables 17. Probability Models V. FROM THE DATA AT HAND TO THE WORLD AT LARGE 18. Sampling Distribution Models 19. Confidence Intervals for Proportions 20. Testing Hypotheses About Proportions 21. More About Tests and Intervals 22. Comparing Two Proportions VI. LEARNING ABOUT THE WORLD 23. Inferences about Means 24. Comparing Means 25. Paired Samples and Blocks VII. INFERENCE WHEN VARIABLES ARE RELATED 26. Comparing Counts 27. Inferences for Regression 28. Analysis of Variance (on DVD)29. Multiple Regression (on DVD) |
| 650 ## - SUBJECTS | |
| Topical Term | Graphic calculators -- . |
| General subdivision | Textbooks. Graphic calculators |
| 942 ## - ADDED ENTRY ELEMENTS (KOHA) | |
| Koha item type | Books |
| Withdrawn status | Lost status | Collection code | Home library | Current library | Shelving location | Date acquired | Full call number | Accession Number | Koha item type |
|---|---|---|---|---|---|---|---|---|---|
| Reference | Methodist University Library Main | Methodist University Library Main | General Stacks | 04/01/2017 | QA276.12 .B63 | 3478 | Books |